Professional practice for building works (Record no. 86108)

MARC details
000 -LEADER
fixed length control field 00641cam a2200205 4500
001 - CONTROL NUMBER
control field D7066
008 - FIXED-LENGTH DATA ELEMENTS--GENERAL INFORMATION
fixed length control field 090401t1983 xxu||||| |||| 00| 0 eng d
035 ## - SYSTEM CONTROL NUMBER
System control number (Sirsi) u5023
041 ## - LANGUAGE CODE
Language code of text/sound track or separate title eng
050 ## - LIBRARY OF CONGRESS CALL NUMBER
Classification number 690.017
100 ## - MAIN ENTRY--PERSONAL NAME
Personal name Melville, Ian A.
245 ## - TITLE STATEMENT
Title Professional practice for building works
260 ## - PUBLICATION, DISTRIBUTION, ETC.
Place of publication, distribution, etc. London
Name of publisher, distributor, etc. Estates Gazette
Date of publication, distribution, etc. 1983
300 ## - PHYSICAL DESCRIPTION
Extent xiv. 682p. 22cm
350 ## - PRICE (NR) (BK AM CF MU VM SE) [OBSOLETE]
Price 19.5
520 ## - SUMMARY, ETC.
Summary, etc. Considers design professionals` contractual reationship with clients, paying particular attention to the law`s conclusion on what is expected in these matters.
700 ## - ADDED ENTRY--PERSONAL NAME
Personal name Gordon, Ian A.
942 ## - ADDED ENTRY ELEMENTS (KOHA)
Suppress in OPAC 0
948 ## - LOCAL PROCESSING INFORMATION (OCLC); SERIES PART DESIGNATOR (RLIN)
c (OCLC) 04/03/1997
Holdings
Withdrawn status Lost status Source of classification or shelving scheme Damaged status Not for loan Home library Current library Shelving location Date acquired Cost, normal purchase price Total Checkouts Full call number Barcode Date last seen Copy number Cost, replacement price Price effective from Koha item type
    Dewey Decimal Classification     London London Basement 14/09/1999 19.50   BASEMENT 30020029 06/08/2019 4 19.50 06/08/2019 Reference material